| 000 | 01380cam a2200229 4500 | ||
|---|---|---|---|
| 001 | WB4016-07 | ||
| 008 | 040427n2004 000 0 eng u | ||
| 035 | _a(Sirsi) u126032 | ||
| 245 | _aDelivering big carbon cuts | ||
| 260 | _c2004 | ||
| 490 |
_aDEFRA News Release _v(155/04) 26 April 2004 (4) |
||
| 520 | _aGovernment plans to improve energy efficiency massively to boost efforts to tackle climate change and save over £3bn a year on energy costs have been published. "Energy efficiency - the government's plan for action" reveals how carbon emissions will be cut through energy efficiency by an extra 12m tonnes within the next six years including a new commitment to save 4.2m tonnes of carbon from households by 2010. The action plan is available at http://www.official-documents.co.uk/document/cm61/ 6168/6168.pdf. Also published is "The government's strategy for combine heat and power to 2010", available at http://www.defra.gov.uk/environment/energy/chp/chp -strategy.pdf, which demonstrates continued government support for energy-efficient CHP technology. http://www.defra.gov.uk/news/2004/040426c.htm | ||
| 590 | _aWB | ||
| 590 | _aWB | ||
| 650 | _aCARBON EMISSIONS | ||
| 650 | _aCLIMATE CHANGE | ||
| 650 | _aENERGY COSTS | ||
| 650 | _aDOMESTIC ENERGY CONSUMPTION | ||
| 650 | _aCOMBINED HEAT AND POWER | ||
| 690 | _aENERGY-EFFICIENCY | ||
| 942 | _n0 | ||
| 999 |
_c117257 _d117257 |
||